Ekonomické bubliny kdo je nafukuje, proč praskají a jak v další krizi neztratit vše

Na minha lista:
Detalhes bibliográficos
Autor principal: Stroukal, Dominik
Formato: Livro
Idioma:tcheco
Publicado em: Praha Grada Publishing 2019
Edição:1. vydání
Assuntos:
Tags: Adicionar Tag
Sem tags, seja o primeiro a adicionar uma tag!

MARC

LEADER 00000nam a2200000 4500
001 0252001
005 20220831103510.6
020 |a 978-80-271-2194-6 
041 0 |a cze 
044 |a CZ 
245 1 0 |a Ekonomické bubliny  |b kdo je nafukuje, proč praskají a jak v další krizi neztratit vše  |c Dominik Stroukal 
250 |a 1. vydání 
264 1 |a Praha  |b Grada Publishing  |c 2019 
300 |a 237 s. 
610 2 0 |a cykly hospodárske 
610 2 0 |a kapitalizmus 
610 2 0 |a peniaze 
610 2 0 |a tlačiarne 
610 2 0 |a banky 
610 2 0 |a úver 
610 2 0 |a ceny 
610 2 0 |a kríza hospodárska 
610 2 0 |a kríza finančná 
610 2 0 |a história 
100 1 |a Stroukal, Dominik